| 000 | 00392nam a2200181Ia 4500 | ||
|---|---|---|---|
| 008 | 221030s9999 xx 000 0 und d | ||
| 020 | _a0070264376 | ||
| 041 | _aEnglish | ||
| 082 | _a105.23 | ||
| 100 | _aM. Levy | ||
| 245 | 0 | _aRetailing Management | |
| 250 | _a6th | ||
| 260 |
_bTMH _aNew Delhi _c2008 |
||
| 300 | _a776 | ||
| 650 | _aManagement | ||
| 700 | _aB. A. Weitz | ||
| 942 | _cBK | ||
| 999 |
_c2900 _d2900 |
||